Fiscal reforms that work

Guardado en:
Detalles Bibliográficos
Autor principal: MacDermott, C. John
Otros Autores: Wescott, Robert F.
Formato: Libro
Lenguaje:inglés
Publicado: Washington International Monetary Fund 1996
Edición:1. ed.
Colección:Economic issues 4
Materias:
Etiquetas: Agregar Etiqueta
Sin Etiquetas, Sea el primero en etiquetar este registro!

MARC

LEADER 00000nam a2200000 4500
001 c021107
005 20221214071046.8
020 |a 1-55775-624-4 
041 0 |a eng 
044 |a US 
245 1 0 |a Fiscal reforms that work  |c C. John MacDermott, Robert F. Wescott 
250 |a 1. ed. 
264 1 |a Washington  |b International Monetary Fund  |c 1996 
300 |a 12 s. 
490 1 |a Economic issues  |v 4 
830 0 |a Economic issues  |v 4 
610 2 0 |a politika fiškálna 
610 2 0 |a reformy 
610 2 0 |a deficit rozpočtový 
610 2 0 |a teórie ekonomické 
100 1 |a MacDermott, C. John 
700 1 |a Wescott, Robert F.